Catálogo
 En Linea

Suicide d' une nation? : (Registro nro. 34913)

Detalles MARC
000 -CABECERA
campo de control de longitud fija 00696nam a2200193 a 4500
001 - NÚMERO DE CONTROL
campo de control 000035422
005 - FECHA Y HORA DE LA ÚLTIMA TRANSACCIÓN
campo de control 20200930074330.0
008 - DATOS DE LONGITUD FIJA--INFORMACIÓN GENERAL
campo de control de longitud fija 111031s1964 fr 000 0 spa d
040 ## - FUENTE DE LA CATALOGACIÓN
Centro catalogador/agencia de origen DO-SdBNP
Lengua de catalogación fr
Centro/agencia transcriptor BNPHU
049 ## - FONDOS LOCALES (OCLC)
Fondos de biblioteca BNGR
100 1# - ENTRADA PRINCIPAL--NOMBRE DE PERSONA
Nombre de persona Koestler, Arthur
9 (RLIN) 61020
245 10 - MENCIÓN DE TÍTULO
Título Suicide d' une nation? :
Resto del título la Grande-Bretagne face á son destin /
Mención de responsabilidad, etc. Arthur Koestler.
260 ## - PUBLICACIÓN, DISTRIBUCIÓN, ETC.
Lugar de publicación, distribución, etc. Paris :
Nombre del editor, distribuidor, etc. Camann-Lévy,.,
Fecha de publicación, distribución, etc. 1964.
300 ## - DESCRIPCIÓN FÍSICA
Extensión 326 p. :
Otras características físicas gráf. , ;
Dimensiones 21 cm.
490 1# - MENCIÓN DE SERIE
Mención de serie Collection Liberté de L´ Esprit
504 ## - NOTA DE BIBLIOGRAFÍA, ETC.
Nota de bibliografía, etc. Incluye notas al pie de las páginas.
590 ## - NOTA LOCAL (RLIN)
Nota local Perteneció a la biblioteca personal de Juan Isidro Jimenes Grullón.
830 #0 - PUNTO DE ACCESO ADICIONAL DE SERIE-TÍTULO UNIFORME
Título uniforme Collection Liberté de L´ Esprit
9 (RLIN) 61255
Existencias
Estado de retiro Estado de pérdida Restricciones de uso No para préstamo Código de colección Localización permanente Ubicación/localización actual Ubicación en estantería Fecha de adquisición Número de inventario Total de préstamos Signatura topográfica completa Código de barras Fecha visto por última vez Precio válido a partir de Tipo de ítem Koha Nota pública
      Excluido de préstamo Monografías: Libros y Folletos General General En catalogación 31.10.2011 LF1   35422-10 25.06.2020 25.06.2020 No se presta Perteneció a la biblioteca personal de Juan Isidro Jimenes Grullón

Con tecnología Koha